Valuation report on No H.S. (D) 80001, PT. 14314, Mukim of Damansara, District of Petaling, Selangor

Bibliographic Details
Main Author: Nana Addai Adu
Format: Book
Published: Selangor : [s.n.] , 1996

MARC

LEADER 00000cam a2200000 7i4500
001 0000025942
005 20150518.0
040 |a INS 
090 0 0 |a MTCP20 
100 1 |a Nana Addai Adu 
245 1 0 |a Valuation report on No H.S. (D) 80001, PT. 14314, Mukim of Damansara, District of Petaling, Selangor   |c Nana Addai Adu 
260 |a Selangor :   |b [s.n.] ,   |c 1996 
300 |a Muka Surat Pelbagai :   |b ill. ;   |c 30cm. 
999 |a MTCP000218   |b BOOK   |c Course Notes   |e Default branch